000 00315nam a2200133Ia 4500
100 _aSubbarao/ W.V.
942 _cRB
654 _aMicroprocessors
245 _aMicroprocessors :Hardware & Softwares & Design Applications
260 _bP.H.
_aVerginia
_c1984
300 _a332
546 _aENGLISH
999 _c32494
_d32494